[Event "14.Zlata Praha-B"]
[Site "Praha"]
[Date "2018.07.05"]
[Round "6.17"]
[White "Feierfeil, Jiri"]
[Black "Rous, Dominik"]
[Result "1-0"]
[WhiteElo "1807"]
[BlackElo "1226"]
[PlyCount "65"]
[EventDate "2018.06.30"]
[EventType "swiss"]
[EventRounds "9"]
[EventCountry "CZE"]

1. d4 d5 2. Bf4 Bf5 3. Nf3 e6 4. Nbd2 Bd6 5. Bg3 c6 6. e3 Qd7 7. Bxd6 Qxd6 8.
c4 Nd7 9. Nh4 Ngf6 10. Nxf5 exf5 11. cxd5 Nxd5 12. a3 O-O 13. Nc4 Qe7 14. Bd3
g6 15. O-O Rfe8 16. Qd2 N7b6 17. Ne5 Qg5 18. f4 Qe7 19. Rae1 f6 20. e4 fxe4 21.
Nxg6 hxg6 22. Bxe4 Kg7 23. Bxd5 Qd7 24. Bf3 c5 25. Rxe8 Rxe8 26. Rd1 Nc4 27.
Qc3 Ne3 28. Rd3 cxd4 29. Qxd4 Qxd4 30. Rxd4 Nc2 31. Rd7+ Kh6 32. Rxb7 Re1+ 33.
Kf2 1-0

[Event "14.Zlata Praha-B"]
[Site "Praha"]
[Date "2018.07.06"]
[Round "7.1"]
[White "Gregor, Jiri"]
[Black "Krivanek, Vladimir"]
[Result "1-0"]
[WhiteElo "2290"]
[BlackElo "2109"]
[PlyCount "95"]
[EventDate "2018.06.30"]
[EventType "swiss"]
[EventRounds "9"]
[EventCountry "CZE"]

1. d4 e6 2. c4 d5 3. Nf3 a6 4. e3 Nf6 5. a3 Nbd7 6. Nc3 Be7 7. b3 O-O 8. Bd3 c5
9. O-O Qc7 10. Bb2 b5 11. cxb5 c4 12. bxc4 dxc4 13. Be2 Rb8 14. a4 Nd5 15. Nd2
Bb4 16. Qc2 axb5 17. axb5 N7b6 18. Rfc1 Bd7 19. e4 Nf4 20. Bf1 e5 21. dxe5 Qxe5
22. Nd5 Nh3+ 23. gxh3 Qg5+ 24. Kh1 Nxd5 25. Nf3 Qh5 26. exd5 c3 27. Bxc3 Rfc8
28. Qd3 Bxb5 29. Qe3 Bxf1 30. Bxb4 Rxc1 31. Rxc1 Qxh3 32. Ne1 Qd7 33. Qd4 h5
34. f3 Re8 35. Rc2 Be2 36. Qf2 Ba6 37. d6 Qb5 38. Rb2 Qc6 39. h3 Bc8 40. Kh2
Qd7 41. Qg3 Re6 42. Rg2 Rg6 43. Qh4 Rh6 44. Nd3 Qf5 45. Nf4 Kh7 46. Qg5 Qxg5
47. Rxg5 Rf6 48. Rxh5+ 1-0

[Event "14.Zlata Praha-B"]
[Site "Praha"]
[Date "2018.07.06"]
[Round "7.2"]
[White "Drabek, Vojtech"]
[Black "Rosenbaumova, Lea"]
[Result "1-0"]
[WhiteElo "2130"]
[BlackElo "1662"]
[PlyCount "63"]
[EventDate "2018.06.30"]
[EventType "swiss"]
[EventRounds "9"]
[EventCountry "CZE"]

1. e4 c5 2. Nf3 Nc6 3. d4 cxd4 4. Nxd4 g6 5. c4 Bg7 6. Be3 Nf6 7. Nc3 Ng4 8.
Qxg4 Nxd4 9. Qd1 Nc6 10. Qd2 d6 11. Be2 Bd7 12. Rc1 O-O 13. O-O Rc8 14. b3 Qa5
15. Rfd1 Rfd8 16. h3 e6 17. Nb5 Qxd2 18. Rxd2 a6 19. Nxd6 Rb8 20. Bb6 Rf8 21.
Be3 Rfd8 22. c5 Na5 23. Rcd1 Be8 24. Bg5 f6 25. Be3 Nc6 26. Bc4 Bf7 27. Nxf7
Kxf7 28. Rd7+ Rxd7 29. Rxd7+ Ne7 30. Bf4 Rc8 31. Bd6 Bf8 32. Rxb7 1-0

[Event "14.Zlata Praha-B"]
[Site "Praha"]
[Date "2018.07.06"]
[Round "7.3"]
[White "Janacek, Jaroslav"]
[Black "Pribyl, Josef"]
[Result "0-1"]
[WhiteElo "1989"]
[BlackElo "2263"]
[PlyCount "76"]
[EventDate "2018.06.30"]
[EventType "swiss"]
[EventRounds "9"]
[EventCountry "CZE"]

1. Nf3 Nf6 2. c4 g6 3. b4 Bg7 4. Bb2 b6 5. g3 Bb7 6. Bg2 O-O 7. O-O c5 8. b5 a6
9. a4 e6 10. d3 d5 11. Nbd2 Nbd7 12. Rb1 axb5 13. cxb5 Qc7 14. Qc2 Rfd8 15. e4
Qb8 16. Rfe1 Ra7 17. Ra1 h6 18. h3 c4 19. exd5 cxd3 20. Qxd3 Bxd5 21. Qe3 Qa8
22. Nh4 g5 23. Nhf3 Rxa4 24. Rxa4 Qxa4 25. Nxg5 hxg5 26. Bxd5 exd5 27. Qxg5
Qxb5 28. Bxf6 Nxf6 29. h4 Re8 30. Rb1 Qc6 31. h5 Ne4 32. Nxe4 dxe4 33. Qe3 Qc5
34. Qe2 e3 35. f4 Rd8 36. Qg4 e2+ 37. Kg2 Qd5+ 38. Kf2 Qd4+ 0-1

[Event "14.Zlata Praha-B"]
[Site "Praha"]
[Date "2018.07.06"]
[Round "7.4"]
[White "Sakovski, Roman"]
[Black "Rudiano, Nicolas"]
[Result "0-1"]
[WhiteElo "1000"]
[BlackElo "2053"]
[PlyCount "100"]
[EventDate "2018.06.30"]
[EventType "swiss"]
[EventRounds "9"]
[EventCountry "CZE"]

1. d4 d5 2. c4 c6 3. Nc3 Nf6 4. Bg5 dxc4 5. Nf3 b5 6. e4 b4 7. Na4 Nxe4 8. Bxc4
Nxg5 9. Nxg5 e6 10. Nf3 Be7 11. h4 Nd7 12. Rc1 Bb7 13. h5 Nb6 14. Nxb6 Qxb6 15.
h6 g6 16. O-O O-O 17. Ne5 Rad8 18. Qf3 Rxd4 19. Rfd1 c5 20. Qb3 Rfd8 21. Re1
Bd5 22. Bxd5 R4xd5 23. Qf3 Rf8 24. Rc4 Qc7 25. Qf4 Bd6 26. Rce4 Bxe5 27. Rxe5
Rxe5 28. Rxe5 f6 29. Re4 Qxf4 30. Rxf4 Kf7 31. Kf1 Rd8 32. Ke2 Rd4 33. Rf3 c4
34. a3 a5 35. axb4 axb4 36. Rh3 g5 37. g3 Kg6 38. f3 Rd3 39. Rh1 Rb3 40. f4
Rxb2+ 41. Kf3 c3 42. Kg4 gxf4 43. gxf4 c2 44. Re1 f5+ 45. Kh4 Kf6 46. Rg1 Rb1
47. Rg7 c1=Q 48. Rxh7 Qxf4+ 49. Kh3 Qg4+ 50. Kh2 Rb2+ 0-1

[Event "14.Zlata Praha-B"]
[Site "Praha"]
[Date "2018.07.06"]
[Round "7.5"]
[White "Kronowetter, Borivoj"]
[Black "Cabart, Pavel"]
[Result "1/2-1/2"]
[WhiteElo "1895"]
[BlackElo "1724"]
[PlyCount "80"]
[EventDate "2018.06.30"]
[EventType "swiss"]
[EventRounds "9"]
[EventCountry "CZE"]

1. e4 c5 2. Nf3 Nc6 3. d4 cxd4 4. Nxd4 g6 5. Bc4 Bg7 6. Be3 Nf6 7. Nc3 O-O 8.
Bb3 d6 9. f3 Bd7 10. Qd2 Rc8 11. O-O-O Nxd4 12. Bxd4 b5 13. Kb1 a5 14. Nd5 Nxd5
15. Bxg7 Kxg7 16. Bxd5 Qc7 17. e5 Bf5 18. Rc1 dxe5 19. g4 Bd7 20. h4 h6 21. h5
g5 22. Rhd1 Rfd8 23. Qe2 Be8 24. c4 bxc4 25. Bxc4 Rxd1 26. Qxd1 Qd6 27. Qe1 Qd4
28. b3 a4 29. Rd1 Qf4 30. Rd5 f6 31. Qd1 axb3 32. axb3 Qe3 33. Rd8 Qc5 34. Rxc8
Qxc8 35. Qd3 Qd7 36. Qe4 Qd1+ 37. Ka2 Qd2+ 38. Kb1 Qd1+ 39. Ka2 Qd2+ 40. Kb1
Qd1+ 1/2-1/2

[Event "14.Zlata Praha-B"]
[Site "Praha"]
[Date "2018.07.06"]
[Round "7.6"]
[White "Groh, Jiri"]
[Black "Mach, Petr"]
[Result "1-0"]
[WhiteElo "2097"]
[BlackElo "1656"]
[PlyCount "59"]
[EventDate "2018.06.30"]
[EventType "swiss"]
[EventRounds "9"]
[EventCountry "CZE"]

1. Nf3 d5 2. c4 c6 3. d4 Nf6 4. Bf4 Bg4 5. e3 e6 6. Be2 Bd6 7. Bxd6 Qxd6 8. Nc3
O-O 9. O-O Nbd7 10. Qb3 Qc7 11. Rac1 Qb6 12. Qa4 Qxb2 13. c5 Ne4 14. Nxe4 Qxe2
15. Ng3 Qb5 16. Qxb5 cxb5 17. Rb1 Bxf3 18. gxf3 a6 19. a4 b6 20. c6 Nb8 21.
axb5 Rc8 22. e4 axb5 23. exd5 exd5 24. Nf5 Nxc6 25. Rfc1 Kf8 26. Nd6 Rc7 27.
Nxb5 Rcc8 28. Nd6 Rc7 29. Rxb6 Ke7 30. Nb5 1-0

[Event "14.Zlata Praha-B"]
[Site "Praha"]
[Date "2018.07.06"]
[Round "7.7"]
[White "Fiser, Jiri"]
[Black "Nemecek, Lukas"]
[Result "1-0"]
[WhiteElo "1914"]
[BlackElo "1651"]
[PlyCount "79"]
[EventDate "2018.06.30"]
[EventType "swiss"]
[EventRounds "9"]
[EventCountry "CZE"]

1. e4 c5 2. Nf3 Nc6 3. Bb5 g6 4. O-O Bg7 5. Re1 Nd4 6. Nxd4 cxd4 7. c3 a6 8.
Ba4 b5 9. Bb3 Bb7 10. cxd4 Bxd4 11. Na3 Qb6 12. Qe2 Nf6 13. d3 O-O 14. Nc2 e5
15. Nxd4 exd4 16. Bg5 d5 17. Qf3 Kg7 18. e5 Nd7 19. Bxd5 Bxd5 20. Qxd5 Qe6 21.
Qxd4 h6 22. Bh4 g5 23. Bg3 Rad8 24. b3 Nb6 25. Qe4 Rd7 26. d4 Nd5 27. f4 gxf4
28. Bxf4 Rfd8 29. Bd2 Ne7 30. Bc3 Nc6 31. Rad1 Rd5 32. Rd3 Nxe5 33. Rg3+ Ng6
34. Qxe6 fxe6 35. Rxe6 Rg5 36. Rxg5 hxg5 37. Rxa6 Rf8 38. g3 Ne7 39. d5+ Kg8
40. Bb4 1-0

[Event "14.Zlata Praha-B"]
[Site "Praha"]
[Date "2018.07.06"]
[Round "7.8"]
[White "Koper, Stefan"]
[Black "Salac, Jiri"]
[Result "1/2-1/2"]
[WhiteElo "1841"]
[BlackElo "2007"]
[PlyCount "136"]
[EventDate "2018.06.30"]
[EventType "swiss"]
[EventRounds "9"]
[EventCountry "CZE"]

1. d4 d5 2. c4 e6 3. cxd5 exd5 4. Nc3 Nf6 5. Bg5 Be7 6. e3 c6 7. Nf3 Nbd7 8.
Bd3 O-O 9. O-O Re8 10. b4 h6 11. Bxf6 Bxf6 12. Rb1 a6 13. Na4 b5 14. Nc5 Nb6
15. Nd2 a5 16. a4 bxa4 17. b5 Nd7 18. Nxa4 Bb7 19. Nb3 cxb5 20. Bxb5 Ba6 21.
Bxd7 Qxd7 22. Nbc5 Qd8 23. Nxa6 Rxa6 24. Rb5 Be7 25. Qb3 Bb4 26. Qxd5 Rd6 27.
Qc4 Qd7 28. Nc5 Qc6 29. Rb7 Rf6 30. Qb5 Bxc5 31. dxc5 Qxb5 32. Rxb5 Ra8 33. Ra1
a4 34. Ra3 Rc6 35. Kf1 Rac8 36. Rxa4 Rxc5 37. Rxc5 Rxc5 38. Ke2 h5 39. h4 g6
40. Kf3 Kg7 41. Kg3 Rb5 42. e4 Rc5 43. Rd4 Kf6 44. f3 Rc2 45. Rd5 Ke6 46. Rg5
Rc4 47. Kf4 Ra4 48. Rb5 Kf6 49. g3 Ra3 50. Rb7 Ra4 51. g4 hxg4 52. Kxg4 Ra1 53.
Kf4 Rh1 54. e5+ Ke6 55. Rb6+ Ke7 56. Kg3 Re1 57. f4 Rh1 58. Rf6 Rg1+ 59. Kh2
Ra1 60. h5 gxh5 61. Rh6 Rf1 62. Kg3 Rh1 63. Kg2 Rh4 64. Kf3 Rh1 65. Ke4 h4 66.
Kf5 h3 67. Rh7 h2 68. e6 Ra1 1/2-1/2

[Event "14.Zlata Praha-B"]
[Site "Praha"]
[Date "2018.07.06"]
[Round "7.9"]
[White "Vit, Zdenek"]
[Black "Sargsyan, Karen"]
[Result "0-1"]
[WhiteElo "1707"]
[BlackElo "1961"]
[PlyCount "94"]
[EventDate "2018.06.30"]
[EventType "swiss"]
[EventRounds "9"]
[EventCountry "CZE"]

1. e4 c5 2. Nf3 e6 3. d4 cxd4 4. Nxd4 a6 5. c4 Nc6 6. a3 Qc7 7. Nxc6 bxc6 8.
Nc3 Nf6 9. Be2 Be7 10. O-O O-O 11. Be3 c5 12. f4 d6 13. Bf3 Rb8 14. Rb1 Rd8 15.
Qe1 d5 16. exd5 exd5 17. Nxd5 Nxd5 18. Bxd5 Bf5 19. Rd1 Rxb2 20. Rd2 Rdb8 21.
Qe2 R2b3 22. g4 Bxg4 23. Qxg4 Rxe3 24. Rg2 Bf6 25. Rd1 Qe7 26. h3 Re1+ 27. Rxe1
Qxe1+ 28. Kh2 Qe7 29. Re2 Qd6 30. Kg2 g6 31. f5 Kg7 32. h4 h5 33. Qf3 Bxh4 34.
fxg6 Qxg6+ 35. Kh2 Bf6 36. Rg2 Rb2 37. Bb7 a5 38. Kh3 Rxg2 39. Qxg2 Qxg2+ 40.
Bxg2 Bb2 41. a4 Kg6 42. Bd5 f5 43. Kh4 Bf6+ 44. Kg3 Kg5 45. Be6 Be5+ 46. Kh3 h4
47. Bd5 Bg3 0-1

[Event "14.Zlata Praha-B"]
[Site "Praha"]
[Date "2018.07.06"]
[Round "7.10"]
[White "Nemecek, Pavel st."]
[Black "Krnak, Vladimir"]
[Result "1-0"]
[WhiteElo "1886"]
[BlackElo "1712"]
[PlyCount "120"]
[EventDate "2018.06.30"]
[EventType "swiss"]
[EventRounds "9"]
[EventCountry "CZE"]

1. e4 e5 2. Nf3 Nf6 3. Nxe5 d6 4. Nf3 Nxe4 5. c4 Be7 6. Qc2 Nf6 7. Nc3 O-O 8.
Be2 Re8 9. O-O c6 10. d4 d5 11. Bg5 Be6 12. c5 Nbd7 13. Bd3 Qc7 14. Rae1 h6 15.
Bh4 b6 16. b4 bxc5 17. bxc5 Bf8 18. Qa4 a5 19. Rb1 Rec8 20. Bg3 Qd8 21. h3 Nh5
22. Bh2 Qf6 23. Ne5 Nxe5 24. Bxe5 Qg5 25. f4 Qd8 26. f5 Bd7 27. Qd1 Qg5 28. Qf3
Nf6 29. Rb7 Be8 30. Na4 Nd7 31. Rxd7 Bxd7 32. Nb6 Be8 33. Nxc8 Rxc8 34. g3 Bd7
35. h4 Qd2 36. f6 g5 37. Rf2 Qc1+ 38. Rf1 Qd2 39. Rd1 Qb2 40. hxg5 Bxc5 41. Bb1
Bh3 42. g4 Qa3 43. Qxa3 Bxa3 44. Bf5 Re8 45. gxh6 Bf8 46. h7+ Kh8 47. Rd3 Bxg4
48. Bxg4 c5 49. Bf5 cxd4 50. Bxd4 Bb4 51. Re3 Rd8 52. Re7 Rf8 53. Rc7 Bd6 54.
Rc6 Rd8 55. Bb6 Re8 56. Rxd6 a4 57. Rd8 Rxd8 58. Bxd8 d4 59. Ba5 a3 60. Bd2 d3
1-0

[Event "14.Zlata Praha-B"]
[Site "Praha"]
[Date "2018.07.06"]
[Round "7.11"]
[White "Pokorny, Jan"]
[Black "Postranecka, Zuzana"]
[Result "1-0"]
[WhiteElo "1879"]
[BlackElo "1501"]
[PlyCount "111"]
[EventDate "2018.06.30"]
[EventType "swiss"]
[EventRounds "9"]
[EventCountry "CZE"]

1. Nf3 d5 2. d4 Nf6 3. Bg5 e6 4. e3 Be7 5. Be2 O-O 6. O-O c5 7. a3 Nc6 8. dxc5
Bxc5 9. b4 Be7 10. h3 b6 11. Nbd2 Bb7 12. Nb3 a5 13. b5 Nb8 14. a4 Ne4 15. Bxe7
Qxe7 16. Qd4 Nd7 17. Ne5 Nxe5 18. Qxe5 Rac8 19. Rfc1 Qh4 20. Qf4 Qxf4 21. exf4
Rc3 22. Bd3 Rfc8 23. Nd4 Nc5 24. Ne2 Nxd3 25. cxd3 Rc2 26. Kf1 h6 27. Ke1 Rxc1+
28. Rxc1 Rxc1+ 29. Nxc1 Kf8 30. d4 Ke7 31. Ke2 g5 32. Nd3 f6 33. g3 Bc8 34. Kf3
Bd7 35. h4 gxh4 36. gxh4 Be8 37. f5 Bh5+ 38. Kf4 exf5 39. Kxf5 Bd1 40. Nf4 Bc2+
41. Kg4 Bd1+ 42. f3 f5+ 43. Kxf5 Bxf3 44. Ke5 Kd7 45. Nxd5 Ke8 46. Nxb6 Bd1 47.
d5 Bg4 48. Nc4 Bd1 49. Nxa5 Bxa4 50. b6 Kd7 51. b7 Kc7 52. d6+ Kb8 53. Kd5 Bd7
54. Ke5 h5 55. Kf6 Bg4 56. Ke7 1-0

[Event "14.Zlata Praha-B"]
[Site "Praha"]
[Date "2018.07.06"]
[Round "7.12"]
[White "Konvalinka, Vladislav"]
[Black "Veselsky, Jan"]
[Result "1-0"]
[WhiteElo "1725"]
[BlackElo "1720"]
[PlyCount "73"]
[EventDate "2018.06.30"]
[EventType "swiss"]
[EventRounds "9"]
[EventCountry "CZE"]

1. d4 d5 2. c4 e6 3. Nf3 c5 4. cxd5 exd5 5. dxc5 Bxc5 6. e3 Nf6 7. Nc3 Nc6 8.
Be2 O-O 9. O-O a6 10. a3 Be6 11. Qc2 Ba7 12. Rd1 Qc7 13. b4 Ne7 14. Bb2 Rac8
15. Rac1 Bb8 16. Qd2 Qd6 17. Na4 Ne4 18. Qd4 Nf5 19. Qb6 Qd7 20. Nc5 Nxc5 21.
bxc5 Bc7 22. Qb4 a5 23. Qc3 f6 24. e4 Ne7 25. Ng5 Be5 26. Qb3 Bxh2+ 27. Kxh2
fxg5 28. Bf3 Rxc5 29. Rxc5 Qd6+ 30. Kg1 Qxc5 31. exd5 Bf7 32. Qxb7 Rd8 33. d6
Nf5 34. Qc7 Qxc7 35. dxc7 Rxd1+ 36. Bxd1 Be6 37. Bb3 1-0

[Event "14.Zlata Praha-B"]
[Site "Praha"]
[Date "2018.07.06"]
[Round "7.13"]
[White "Kosar, Milan"]
[Black "Feierfeil, Jiri"]
[Result "0-1"]
[WhiteElo "1659"]
[BlackElo "1807"]
[PlyCount "96"]
[EventDate "2018.06.30"]
[EventType "swiss"]
[EventRounds "9"]
[EventCountry "CZE"]

1. e4 c5 2. Nf3 d6 3. d4 cxd4 4. Nxd4 Nf6 5. Nc3 a6 6. Be3 e6 7. g4 Be7 8. g5
Nfd7 9. Qd2 b5 10. Nce2 Ne5 11. h4 Nc4 12. Qc3 Nxe3 13. Qxe3 Qa5+ 14. Qc3 Qxc3+
15. Nxc3 Bb7 16. f3 Nd7 17. O-O-O Rc8 18. Kb1 Nc5 19. a3 O-O 20. Bh3 Kh8 21.
Ka2 Rb8 22. Bg2 Ba8 23. b4 Nd7 24. f4 Rfc8 25. Nce2 Nb6 26. Kb3 Nc4 27. Rd3 Rc7
28. c3 Bb7 29. Rc1 g6 30. Bf3 Rd8 31. Rh1 Kg7 32. h5 e5 33. Nc2 f5 34. gxf6+
Bxf6 35. hxg6 hxg6 36. fxe5 Nxe5 37. Rhd1 Nxd3 38. Rxd3 Be5 39. Ncd4 Bc8 40.
Bg2 Rf8 41. Rf3 Rxf3 42. Bxf3 Kf6 43. Kc2 Rh7 44. Kb3 Bd7 45. c4 g5 46. c5 dxc5
47. bxc5 g4 48. Bg2 Rh2 0-1

[Event "14.Zlata Praha-B"]
[Site "Praha"]
[Date "2018.07.06"]
[Round "7.15"]
[White "Tesar, Jakub"]
[Black "Zacek, Petr"]
[Result "0-1"]
[WhiteElo "1299"]
[BlackElo "1528"]
[PlyCount "56"]
[EventDate "2018.06.30"]
[EventType "swiss"]
[EventRounds "9"]
[EventCountry "CZE"]

1. e4 c5 2. Nf3 d6 3. d4 cxd4 4. Nxd4 Nf6 5. Nc3 a6 6. Bc4 e6 7. O-O Be7 8. Be3
O-O 9. Nf3 Nc6 10. a3 Qc7 11. Qd3 b5 12. Ba2 Bb7 13. Rad1 Rfd8 14. a4 b4 15.
Ne2 Rac8 16. c3 bxc3 17. Nxc3 Nb4 18. Qd4 Nxa2 19. Nxa2 Nxe4 20. Rc1 Qb8 21.
Nb4 Bf6 22. Qb6 Rxc1 23. Rxc1 Rc8 24. Nxa6 Rxc1+ 25. Bxc1 Qc8 26. Qc7 Bxa6 27.
Qxc8+ Bxc8 28. b4 Nc3 0-1

[Event "14.Zlata Praha-B"]
[Site "Praha"]
[Date "2018.07.06"]
[Round "7.16"]
[White "Stepanek, Svatopluk"]
[Black "Tichy, Tomas"]
[Result "1-0"]
[WhiteElo "1841"]
[BlackElo "1180"]
[PlyCount "33"]
[EventDate "2018.06.30"]
[EventType "swiss"]
[EventRounds "9"]
[EventCountry "CZE"]

1. d4 c5 2. d5 Nf6 3. Nc3 g6 4. e4 d6 5. Be2 Bg7 6. f4 Nfd7 7. Nf3 O-O 8. O-O
f6 9. Qe1 Nb6 10. Qg3 N8d7 11. h4 Qe8 12. h5 Qf7 13. Nh4 gxh5 14. Nf5 Kh8 15.
Bxh5 c4 16. Bxf7 Rxf7 17. Be3 1-0

[Event "14.Zlata Praha-B"]
[Site "Praha"]
[Date "2018.07.06"]
[Round "7.17"]
[White "Gacho, Ondrej"]
[Black "Nemecek, Pavel ml."]
[Result "0-1"]
[WhiteElo "1337"]
[BlackElo "1383"]
[PlyCount "100"]
[EventDate "2018.06.30"]
[EventType "swiss"]
[EventRounds "9"]
[EventCountry "CZE"]

1. c4 Nf6 2. Nf3 d5 3. cxd5 Nxd5 4. Nc3 Nb6 5. d4 Bg4 6. e4 e6 7. Be2 Bb4 8.
Ne5 Bxe2 9. Qxe2 N8d7 10. Nf3 Qe7 11. O-O O-O 12. Qd3 h6 13. Ne2 c6 14. e5 Nd5
15. a3 Ba5 16. b4 Bc7 17. Ng3 Rad8 18. Nh5 N5b6 19. Qe3 f6 20. Nf4 fxe5 21. Ng6
Qf6 22. Nxf8 exd4 23. Qxd4 Ne5 24. Qxd8 Nxf3+ 25. gxf3 Bxd8 26. Bf4 Qxf8 27.
Bg3 Qxf3 28. Rfd1 Bf6 29. Rab1 Qxa3 30. Re1 Qa2 31. Bc7 Nd5 32. Bd6 Bh4 33. Bg3
Bxg3 34. hxg3 Kf7 35. b5 Nc3 36. Ra1 Qd2 37. Kf1 Nxb5 38. Red1 Qc3 39. Rd7+ Kf6
40. Rad1 Qc4+ 41. Kg1 b6 42. Rd8 Qc5 43. R1d3 a5 44. Rf3+ Kg6 45. Rf4 h5 46.
Rg8 Nd6 47. g4 Qc1+ 48. Kg2 Qxf4 49. gxh5+ Kh7 50. Rd8 Qg5+ 0-1

[Event "14.Zlata Praha-B"]
[Site "Praha"]
[Date "2018.07.06"]
[Round "7.18"]
[White "Rous, Dominik"]
[Black "Vavrova, Jirina"]
[Result "1-0"]
[WhiteElo "1226"]
[BlackElo "1124"]
[PlyCount "105"]
[EventDate "2018.06.30"]
[EventType "swiss"]
[EventRounds "9"]
[EventCountry "CZE"]

1. e4 d6 2. d4 g6 3. Nf3 Nf6 4. Nc3 e6 5. Bg5 h6 6. Bxf6 Qxf6 7. Nb5 Qe7 8. e5
a6 9. exd6 cxd6 10. Nc3 Bg7 11. Bd3 Bd7 12. Qe2 Nc6 13. d5 Nb4 14. dxe6 Bxe6
15. O-O Bxc3 16. bxc3 Nd5 17. Bc4 Nxc3 18. Qd3 Na4 19. Rfe1 Nc5 20. Qc3 Kd7 21.
Bxe6+ fxe6 22. Rad1 Na4 23. Qb4 Nc5 24. Ne5+ Kc7 25. Nxg6 a5 26. Qxc5+ dxc5 27.
Nxe7 Rad8 28. Ng6 Rhe8 29. Nf4 Rd4 30. Rxd4 cxd4 31. Rxe6 Rd8 32. Re2 b5 33.
Ne6+ Kd7 34. Nxd8 Kxd8 35. Rd2 Kc7 36. Rxd4 Kc6 37. f4 Kc5 38. Rd8 Kc4 39. f5
b4 40. f6 Kc3 41. Ra8 Kxc2 42. Rxa5 Kc3 43. Rb5 h5 44. Rxb4 Kxb4 45. f7 Ka3 46.
f8=Q+ Kxa2 47. Qb4 h4 48. Kf2 h3 49. gxh3 Ka1 50. Ke1 Ka2 51. Kd2 Ka1 52. Kc2
Ka2 53. Qb2# 1-0

[Event "14.Zlata Praha-B"]
[Site "Praha"]
[Date "2018.07.07"]
[Round "8.2"]
[White "Rosenbaumova, Lea"]
[Black "Pribyl, Josef"]
[Result "0-1"]
[WhiteElo "1662"]
[BlackElo "2263"]
[PlyCount "68"]
[EventDate "2018.06.30"]
[EventType "swiss"]
[EventRounds "9"]
[EventCountry "CZE"]

1. e4 d6 2. d4 Nf6 3. Nc3 g6 4. f4 Bg7 5. Nf3 O-O 6. h3 c5 7. Be3 cxd4 8. Bxd4
Nc6 9. Be3 a6 10. Qd2 b5 11. Bd3 Bb7 12. f5 d5 13. exd5 Nb4 14. fxg6 hxg6 15.
O-O-O Rc8 16. Kb1 Nxd3 17. Qxd3 Qa5 18. Nd4 Rfd8 19. Nb3 Qc7 20. Qe2 Nxd5 21.
Nxd5 Rxd5 22. Rxd5 Bxd5 23. Qd2 Be4 24. Rc1 Rd8 25. Qf2 Qe5 26. Bd4 Rxd4 27.
Qxd4 Qxd4 28. Nxd4 Bxd4 29. g4 f5 30. Re1 Kf7 31. Kc1 b4 32. a3 a5 33. axb4
axb4 34. b3 e5 0-1

[Event "14.Zlata Praha-B"]
[Site "Praha"]
[Date "2018.07.07"]
[Round "8.3"]
[White "Rudiano, Nicolas"]
[Black "Groh, Jiri"]
[Result "1/2-1/2"]
[WhiteElo "2053"]
[BlackElo "2097"]
[PlyCount "109"]
[EventDate "2018.06.30"]
[EventType "swiss"]
[EventRounds "9"]
[EventCountry "CZE"]

1. e4 c5 2. Nf3 Nc6 3. Nc3 g6 4. d4 cxd4 5. Nxd4 Bg7 6. Be3 Nf6 7. Be2 O-O 8.
O-O d5 9. exd5 Nb4 10. Nb3 Nbxd5 11. Nxd5 Qxd5 12. Bf3 Qe5 13. Bd4 Qf5 14. Re1
Re8 15. Be5 h5 16. Nd4 Qg5 17. c3 Bg4 18. Qb3 Nd7 19. Bxg7 Kxg7 20. Bxg4 hxg4
21. Qb5 Qxb5 22. Nxb5 Rac8 23. Rad1 Nf6 24. Re3 Rc5 25. Nd4 e6 26. f3 Rh5 27.
fxg4 Nxg4 28. Rg3 Nxh2 29. Ne2 Reh8 30. Nf4 Rh4 31. Nh3 Ng4 32. Rd7 Rb8 33. Ng5
Ne5 34. Rc7 Kg8 35. Re3 Rc4 36. Rxc4 Nxc4 37. Rf3 Ne5 38. Re3 Ng4 39. Rd3 Ne5
40. Re3 Nc4 41. Rf3 Rf8 42. b3 Nb6 43. c4 Kg7 44. Rd3 Rc8 45. Ne4 Rc7 46. Nd6
Rd7 47. Kf2 Kf8 48. c5 Nd5 49. a3 a6 50. b4 Rc7 51. Nc4 Ke7 52. Kf3 g5 53. g3
f5 54. Rd1 f4 55. Rh1 {neda se to lustit, remis v 60.tahu} 1/2-1/2

[Event "14.Zlata Praha-B"]
[Site "Praha"]
[Date "2018.07.07"]
[Round "8.4"]
[White "Krivanek, Vladimir"]
[Black "Kronowetter, Borivoj"]
[Result "0-1"]
[WhiteElo "2109"]
[BlackElo "1895"]
[PlyCount "60"]
[EventDate "2018.06.30"]
[EventType "swiss"]
[EventRounds "9"]
[EventCountry "CZE"]

1. e4 c5 2. Nc3 Nc6 3. Bb5 e6 4. Nf3 Nge7 5. d4 cxd4 6. Nxd4 Nxd4 7. Qxd4 a6 8.
Be2 Nc6 9. Qd3 Nb4 10. Qd2 Be7 11. O-O O-O 12. Bf3 Qc7 13. b3 b5 14. Bb2 Bb7
15. Rfd1 Rfd8 16. Rac1 Rac8 17. g3 d5 18. exd5 Nxd5 19. Nxd5 Bxd5 20. Qe2 Bxf3
21. Qxf3 Rxd1+ 22. Rxd1 b4 23. Qg4 Bf8 24. Qd4 Qa5 25. Qd7 Rxc2 26. Bd4 Qxa2
27. Ra1 Qxb3 28. Rxa6 Rd2 29. Ra8 Qb1+ 30. Kg2 Qe4+ 0-1

[Event "14.Zlata Praha-B"]
[Site "Praha"]
[Date "2018.07.07"]
[Round "8.5"]
[White "Fiser, Jiri"]
[Black "Janacek, Jaroslav"]
[Result "1/2-1/2"]
[WhiteElo "1914"]
[BlackElo "1989"]
[PlyCount "169"]
[EventDate "2018.06.30"]
[EventType "swiss"]
[EventRounds "9"]
[EventCountry "CZE"]

1. e4 c5 2. Nf3 g6 3. c4 Nc6 4. d4 cxd4 5. Nxd4 Nf6 6. Nc3 d6 7. Be2 Nxd4 8.
Qxd4 Bg7 9. Be3 O-O 10. Qd2 Ng4 11. Bf4 Ne5 12. O-O Be6 13. b3 Nd7 14. Bh6 Re8
15. Bxg7 Kxg7 16. f4 Nf6 17. f5 Bd7 18. Rf3 Bc6 19. Bd3 Qb6+ 20. Kh1 Qd4 21.
Re1 e6 22. fxg6 fxg6 23. Ne2 Qe5 24. Ng3 Re7 25. Qf4 Qxf4 26. Rxf4 Nd7 27. Kg1
a5 28. a3 Rf7 29. Rxf7+ Kxf7 30. Rf1+ Ke7 31. Kf2 Rf8+ 32. Ke3 Rxf1 33. Nxf1 b6
34. Nd2 Kf6 35. Kd4 h6 36. h3 h5 37. g3 e5+ 38. Ke3 Nc5 39. Be2 Bd7 40. h4 Bh3
41. b4 axb4 42. axb4 Ne6 43. Nb1 Nd4 44. Nc3 Be6 45. Bd3 Nc6 46. b5 Na5 47.
Nd5+ Bxd5 48. cxd5 g5 49. Be2 gxh4 50. gxh4 Kg6 51. Kf3 Kh6 52. Ke3 Nb3 53. Bd3
Nc5 54. Be2 Nd7 55. Kf3 Nf8 56. Kg3 Ng6 57. Bd3 Nf4 58. Bc4 Kg6 59. Bf1 Kh7 60.
Bc4 Ng6 61. Be2 Kh6 62. Bc4 Ne7 63. Be2 Ng8 64. Kf3 Nf6 65. Bd3 Kg6 66. Bf1 Nd7
67. Bc4 Nc5 68. Bf1 Nb3 69. Ke3 Kh6 70. Bc4 Nd4 71. Bd3 Kg6 72. Bc4 Nc2+ 73.
Kd2 Nd4 74. Ke3 Kh6 75. Bf1 Nb3 76. Bc4 Na5 77. Bf1 Nb7 78. Bc4 Nd8 79. Bf1 Nf7
80. Bd3 Nh8 81. Kf3 Ng6 82. Kg3 Nf4 83. Bc4 Kg6 84. Bf1 Kf6 85. Bc4 1/2-1/2

[Event "14.Zlata Praha-B"]
[Site "Praha"]
[Date "2018.07.07"]
[Round "8.7"]
[White "Cabart, Pavel"]
[Black "Nemecek, Pavel st."]
[Result "1/2-1/2"]
[WhiteElo "1724"]
[BlackElo "1886"]
[PlyCount "62"]
[EventDate "2018.06.30"]
[EventType "swiss"]
[EventRounds "9"]
[EventCountry "CZE"]

1. e4 e6 2. Nf3 d5 3. Nc3 d4 4. Ne2 c5 5. c3 dxc3 6. Nxc3 a6 7. d4 cxd4 8. Qxd4
Qxd4 9. Nxd4 Bc5 10. Be3 Nd7 11. Be2 Ne7 12. O-O O-O 13. a3 b5 14. b4 Ba7 15.
Rfd1 Nf6 16. a4 bxa4 17. Rxa4 Rd8 18. b5 Bb7 19. bxa6 Bxe4 20. Ncb5 Bb6 21. Bf4
Nfd5 22. Bg3 Rdc8 23. Bd6 Nf5 24. Rda1 Bxd4 25. Rxd4 Nxd4 26. Nxd4 Nc3 27. Bf1
Rd8 28. Bb4 Nd5 29. Ba5 Rd7 30. Bb5 Rd6 31. f3 Bg6 1/2-1/2

[Event "14.Zlata Praha-B"]
[Site "Praha"]
[Date "2018.07.07"]
[Round "8.8"]
[White "Feierfeil, Jiri"]
[Black "Pokorny, Jan"]
[Result "1/2-1/2"]
[WhiteElo "1807"]
[BlackElo "1879"]
[PlyCount "116"]
[EventDate "2018.06.30"]
[EventType "swiss"]
[EventRounds "9"]
[EventCountry "CZE"]

1. d4 Nf6 2. c4 g6 3. Nc3 Bg7 4. e4 d6 5. f3 O-O 6. Be3 Nbd7 7. Qd2 e5 8. d5 b6
9. Bd3 Nc5 10. Bc2 Bd7 11. Nge2 a5 12. O-O a4 13. Ng3 Rb8 14. Rfd1 Ra8 15. Bg5
Qb8 16. h4 h5 17. Bh6 Kh7 18. Bxg7 Kxg7 19. f4 Ng4 20. f5 Qd8 21. Qg5 Qxg5 22.
hxg5 f6 23. gxf6+ Rxf6 24. fxg6 Kxg6 25. Rf1 Raf8 26. Rxf6+ Rxf6 27. Nf5 Kg5
28. b4 axb3 29. axb3 Bxf5 30. exf5 Ne3 31. Bb1 Kg4 32. b4 Nb3 33. Ra3 Nd2 34.
Ne4 Nxe4 35. Rxe3 Ng3 36. Ra3 Nxf5 37. Ra7 Rf7 38. c5 bxc5 39. bxc5 Nh6 40. Bg6
Rd7 41. Be8 Rd8 42. Bc6 dxc5 43. Rxc7 Nf5 44. Bd7 Kf4 45. Be6 Nd4 46. Bf7 Rf8
47. Bxh5 Nf5 48. Kf2 Ke4 49. Rxc5 Kd4 50. Ra5 Nd6+ 51. Ke2 e4 52. Bg4 Nc4 53.
Ra4 e3 54. Bf3 Rb8 55. Rxc4+ Kxc4 56. Kxe3 Kc5 57. Ke4 Kd6 58. Bg4 Rb4+ 1/2-1/2